00699nam a2200193 a 450000100100000000500170001000800410002704000250006808200150009310000260010824501260013426000470026030000200030749000160032783000230034304900090036695201130037599900170048800002980220200930055822.0110426s1983 dr 000 0 spa d aDO-SdBNPbspacBNPHU axxxbM255h1 aMallo, Antonio95655510aHumanismo cristiano, conceptos cristianos de la persona :bsolución para hoy a un problema de siempre /cAntonio Mallo. aSanto Domingo :bUniversidad CETEC,c1983. a31 p. ;c22 cm.1 aEnsayosv12 0aEnsayosn12956556 aBNPD 0010718PDaPDbPDcCTd2011-04-26iLF1l0oxxx M255hp29802-10r2020-06-25w2020-06-25yLFPDZNo se presta c29294d29294